Process/industrial instruments and controls handbook /

Guardado en:
Otros Autores: Considine, Douglas M.
Formato: Libro
Idioma:English
Publicado: New York : McGraw-Hill, c1993.
Edición:4th ed.
Materias:
Acceso en línea:Descripción
Tabla de contenido
Etiquetas: Agregar Etiqueta
Sin Etiquetas, Sea el primero en etiquetar este registro!
LEADER 01481cam a22003255a 4500
001 EIQ.libpla002877
008 930421s1993####nyuao####bf###001#0#eng#d
005 20070906191233.0
245 0 0 |a Process/industrial instruments and controls handbook /  |c Douglas M. Considine, editor-in-chief. 
250 |a 4th ed. 
260 |a New York :  |b McGraw-Hill,  |c c1993. 
300 |a 1 v. (en varias paginaciones) :  |b il., fotos ;  |c 24 cm. 
500 |a Título de cubierta: Process/industrial instruments & controls handbook. 
500 |a Rev. ed. of: Process instruments and controls handbook. 
504 |a Incluye referencias bibliográficas e índice. 
020 |a 0070124450 (alk. paper) 
700 1 |a Considine, Douglas M. 
246 1 |a Process/industrial instruments & controls handbook. 
082 0 0 |a 629.8  |2 20 
650 4 |a Control de procesos  |x Handbooks, manuales, etc. 
650 4 |a Control automático  |x Handbooks, manuales, etc. 
650 4 |a Instrumentos de ingeniería  |x Handbooks, manuales, etc. 
650 0 |a Automatic control  |x Handbooks, manuals, etc. 
650 0 |a Engineering instruments  |x Handbooks, manuals, etc. 
650 0 |a Process control  |x Handbooks, manuals, etc. 
010 |a  93020567  
040 |a DLC  |c DLC  |d AR-BbSID 
856 4 2 |3 Descripción  |u http://www.loc.gov/catdir/enhancements/fy0607/93020567-d.html 
856 4 1 |3 Tabla de contenido  |u http://www.loc.gov/catdir/enhancements/fy0607/93020567-t.html 
859 |a AR-BbSID  |b BIB. PLAPIQUI  |h 629.8  |i C 74  |p 4866